Statistics for American Civil War Generals

Click here to take the quiz!

General Stats

  • This quiz has been taken 128 times
  • The average score is 10 of 16

Answer Stats

Answer% Correct
Ulysses S. Grant
98%
Robert E. Lee
97%
Thomas "Stonewall" Jackson
96%
William T. Sherman
95%
George McClellan
88%
Ambrose Burnside
87%
George Meade
75%
Joseph Hooker
66%
James Longstreet
63%
J.E.B Stuart
52%
Joseph E. Johnston
52%
John B. Hood
51%
A.P. Hill
38%
Winfield S. Hancock
32%
Richard Ewell
31%
John Sedgwick
10%

Score Distribution

Percentile by Number Answered

Percent of People with Each Score

Your Score History

You have not taken this quiz